[Event "Let's Play Chess!"]
[Site "http://www.queenalice.com/game.php?id=511065"]
[Date "2008.12.21"]
[Round "-"]
[White "gevre4e"]
[Black "anakarine"]
[Result "0-1"]
[WhiteElo "1764"]
[BlackElo "1566"]

1. e4 e5 2. Bc4 d6 3. d3 h6 4. f4 Nc6 5. Nf3 Bg4 6. Be3 a6 7. Nc3 Nf6 8. O-O
Bxf3 9. Qxf3 Nb4 10. Bb3 Qd7 11. a3 Nc6 12. Ne2 O-O-O 13. d4 Na5 14. d5 Nxb3 15.
cxb3 Qb5 16. Nc1 h5 17. fxe5 dxe5 18. Qf5+ Nd7 19. a4 Qb4 0-1

[Event "Challenge"]
[Site "http://www.queenalice.com/game.php?id=511081"]
[Date "2008.12.21"]
[Round "-"]
[White "gevre4e"]
[Black "m34okbt"]
[Result "1-0"]
[WhiteElo "1610"]
[BlackElo "1309"]

1. c4 c5 2. Nc3 d6 3. e3 Nf6 4. Bd3 Nc6 5. Nge2 Bg4 6. f3 Bh5 7. Nf4 g6 8. g4 e5
9. Nfd5 Nxd5 10. Nxd5 Nb4 11. Nxb4 cxb4 12. gxh5 g5 13. Qa4+ Qd7 14. Qxb4 b6 15.
Qb3 Qh3 16. Be4 Rb8 17. Qa4+ Kd8 18. Qxa7 Kc8 19. Qxf7 Qd7 20. Bf5 Qxf5 21.
Qxf5+ Kc7 22. d4 exd4 23. exd4 Be7 24. Bxg5 Bxg5 25. Qxg5 Rhg8 26. Qe7+ Kc8 27.
Kd2 Rb7 28. Qe6+ 1-0

[Event "AUTO-OPEN-1377"]
[Site "http://www.queenalice.com/game.php?id=511291"]
[Date "2008.12.22"]
[Round "1"]
[White "gevre4e"]
[Black "mhackfeld"]
[Result "1-0"]
[WhiteElo "1894"]
[BlackElo "1251"]

1. c4 e5 2. Nc3 Bc5 3. e3 Nf6 4. d4 exd4 5. exd4 Bb4 6. Bg5 O-O 7. Bd3 Re8+ 8.
Ne2 h6 9. Bh4 c6 10. O-O g5 11. Bg3 Na6 12. f4 d5 13. fxg5 hxg5 14. cxd5 Nxd5
15. Nxd5 Qxd5 16. Nc3 Qxd4+ 17. Kh1 Bxc3 18. Qh5 Bxb2 19. Qxf7+ 1-0

[Event "AUTO-OPEN-1377"]
[Site "http://www.queenalice.com/game.php?id=511292"]
[Date "2008.12.22"]
[Round "1"]
[White "mhackfeld"]
[Black "gevre4e"]
[Result "0-1"]
[WhiteElo "1251"]
[BlackElo "1894"]

1. e4 Nc6 2. Bb5 Nd4 3. c3 Nxb5 4. Nf3 d5 5. O-O Bg4 6. h3 Bh5 7. Qc2 dxe4 8.
Nd4 Nd6 9. Na3 Bg6 10. d3 exd3 11. Qa4+ Qd7 12. Qb3 e5 13. Nf3 f6 14. Be3 Ne7
15. Nh4 Bf7 16. Qd1 Ng6 17. Qxd3 Nxh4 18. Kh2 g5 19. g3 Nf3+ 20. Kg2 Qc6 21. Qd1
Ne1+ 22. Kg1 Qg2# 0-1

[Event "AUTO-OPEN-1377"]
[Site "http://www.queenalice.com/game.php?id=511293"]
[Date "2008.12.22"]
[Round "1"]
[White "gevre4e"]
[Black "JulianoZontaSC"]
[Result "0-1"]
[WhiteElo "1767"]
[BlackElo "2111"]

1. e4 c5 2. Nf3 Nc6 3. d4 cxd4 4. c3 dxc3 5. Nxc3 e6 6. Bc4 Qc7 7. Nb5 Qb8 8.
O-O a6 9. Nc3 b5 10. Bb3 Bb7 11. Ng5 Qc7 12. f4 h6 13. Nf3 Bc5+ 14. Kh1 Nge7 15.
Qe1 Nd4 16. f5 Nxb3 17. axb3 Bb4 18. Nxb5 axb5 19. Rxa8+ Bxa8 20. Qxb4 exf5 21.
exf5 Bxf3 22. gxf3 Qc6 23. Bd2 d6 0-1

[Event "AUTO-OPEN-1377"]
[Site "http://www.queenalice.com/game.php?id=511294"]
[Date "2008.12.22"]
[Round "1"]
[White "JulianoZontaSC"]
[Black "gevre4e"]
[Result "1-0"]
[WhiteElo "2170"]
[BlackElo "1500"]

1. e4 e6 2. d4 Nc6 3. f4 d5 4. e5 f6 5. Nf3 g6 6. exf6 Nxf6 7. Bd3 Ne7 8. O-O
Nf5 9. Re1 Be7 10. c3 c5 11. Ng5 Qb6 12. Bxf5 cxd4 13. Bxe6 dxc3+ 14. Be3 Qxb2
15. Bxc8 Qxa1 16. Bc5 1-0

[Event "AUTO-OPEN-1391"]
[Site "http://www.queenalice.com/game.php?id=517566"]
[Date "2009.1.5"]
[Round "1"]
[White "whyBish"]
[Black "gevre4e"]
[Result "1-0"]
[WhiteElo "1997"]
[BlackElo "1894"]

1. f4 e5 2. fxe5 d6 3. exd6 Bxd6 4. Nf3 Nf6 5. e3 Ng4 6. Qe2 Nxh2 7. Kd1 Ng4 8.
Nc3 f5 9. d4 Bg3 10. Kd2 Nf2 11. Rh5 O-O 12. b3 Ne4+ 13. Nxe4 fxe4 14. Qc4+ Kh8
15. Ng5 Bf5 16. Be2 Qf6 17. Ba3 Bd6 18. Nxh7 1-0

[Event "AUTO-OPEN-1391"]
[Site "http://www.queenalice.com/game.php?id=517567"]
[Date "2009.1.5"]
[Round "1"]
[White "gevre4e"]
[Black "whyBish"]
[Result "1-0"]
[WhiteElo "1864"]
[BlackElo "2065"]

1. e4 c5 2. Nf3 g6 3. d4 cxd4 4. Nxd4 Nc6 5. c4 Nf6 6. Nc3 d6 7. Bg5 Bg7 8. Be3
Ng4 9. Be2 Nxe3 10. fxe3 e6 11. O-O O-O 12. Rc1 Nxd4 13. exd4 Qb6 14. Nb5 a6 15.
c5 dxc5 16. dxc5 Qc6 17. Nd6 Bxb2 18. Rc2 Be5 19. Nxf7 Rxf7 20. Qd8+ Kg7 21.
Rxf7+ Kxf7 22. Bb5 Qc7 23. Rf2+ Kg7 24. Qf8# 1-0

[Event "AUTO-OPEN-1391"]
[Site "http://www.queenalice.com/game.php?id=517596"]
[Date "2009.1.5"]
[Round "1"]
[White "gevre4e"]
[Black "Fischercat"]
[Result "0-1"]
[WhiteElo "1780"]
[BlackElo "1942"]

1. d4 Nf6 2. c4 d5 3. cxd5 Nxd5 4. e4 Nb6 5. Nf3 Bg4 6. Be2 Nc6 7. Be3 e6 8. O-O
Be7 9. a4 O-O 10. a5 Nd7 11. Qb3 b6 12. a6 Na5 13. Qc3 f5 14. e5 c5 15. Na3 Rc8
16. Nc4 Nc6 17. Qd2 cxd4 18. Nxd4 Nxd4 19. Bxd4 Nc5 20. Bxc5 Qxd2 21. Nxd2 Rxc5
22. Bxg4 fxg4 23. f4 gxf3 24. Nxf3 Bd8 0-1

[Event "AUTO-OPEN-1391"]
[Site "http://www.queenalice.com/game.php?id=517597"]
[Date "2009.1.5"]
[Round "1"]
[White "Fischercat"]
[Black "gevre4e"]
[Result "1-0"]
[WhiteElo "1924"]
[BlackElo "1914"]

1. e4 c5 2. d4 cxd4 3. Qxd4 Nc6 4. Qd1 Nf6 5. Nc3 e5 6. Bd3 d6 7. Bg5 Be7 8. h3
O-O 9. Nf3 Be6 10. O-O Nb4 11. a3 Nxd3 12. cxd3 h6 13. Be3 g5 14. d4 exd4 15.
Nxd4 Qd7 16. Nxe6 fxe6 17. e5 dxe5 18. Ne4 Qc6 19. Nxf6+ Bxf6 20. Rc1 Qa6 21.
Qh5 Kh7 22. Rc7+ Bg7 23. Bxg5 1-0

[Event "AUTO-OPEN-1391"]
[Site "http://www.queenalice.com/game.php?id=517598"]
[Date "2009.1.5"]
[Round "1"]
[White "gevre4e"]
[Black "An0nymous"]
[Result "1-0"]
[WhiteElo "1500"]
[BlackElo "1429"]

1. e4 e6 2. d4 c5 3. Nf3 Nc6 4. Nc3 f5 5. Be3 cxd4 6. Nxd4 Bb4 7. exf5 Bxc3+ 8.
bxc3 Nxd4 9. Bxd4 Nf6 10. fxe6 dxe6 11. Bb5+ Bd7 12. Bxf6 gxf6 13. Qh5+ Ke7 14.
O-O-O e5 15. Rxd7+ 1-0

[Event "Challenge"]
[Site "http://www.queenalice.com/game.php?id=542129"]
[Date "2009.2.17"]
[Round "-"]
[White "gevre4e"]
[Black "caraumar"]
[Result "0-1"]
[WhiteElo "1734"]
[BlackElo "1804"]

1. e4 e6 2. Bc4 d5 3. exd5 exd5 4. Bb3 Nf6 5. h3 a6 6. Nf3 h6 7. d4 Nc6 8. c3 b5
9. a3 Be6 10. O-O Bd6 11. Re1 O-O 12. Ne5 Nxe5 13. dxe5 Ne4 14. Bxd5 Bxd5 0-1